00398 a2200121 4500001001000000005001700010008004100027245007600068100002600144700002000170773006900190999001700259ART_1482120260410161914.0260409a 10aDisequilibrium dynamics with inventories and anticipatory price-setting1 aLaffont, Jean-Jacques1 aGreen, Jerry R.0 tEuropean economic reviewg- Vol. 16, NÂș 1 (may. 1981)wREV13346 c27054d27054